Is a Model of Comprehensive Regionalism Trade-Increasing for V4 Countries? Sectoral Approach

Analýza spoločnej obchodnej politiky štyroch krajín vyšehrádske skupiny s EÚ a mimo EÚ industrializovaných krajín. Obchodné toky sú analyzované na základe sektorov za obdobie 1995-2011.

Gespeichert in:
Bibliographische Detailangaben
1. Verfasser: Gauger, Iryna
Weitere Verfasser: Śledziewska, Katarzyna
Format: Buchkapitel
Sprache:Englisch
Schlagworte:
Tags: Tag hinzufügen
Keine Tags, Fügen Sie das erste Tag hinzu!

MARC

LEADER 00000naa a2200000 4500
001 0241652
005 20221104112204.4
041 0 |a eng 
044 |a CZ 
245 1 0 |a Is a Model of Comprehensive Regionalism Trade-Increasing for V4 Countries? Sectoral Approach  |c Iryna Gauger, Katarzyna Śledziewska 
520 |a Analýza spoločnej obchodnej politiky štyroch krajín vyšehrádske skupiny s EÚ a mimo EÚ industrializovaných krajín. Obchodné toky sú analyzované na základe sektorov za obdobie 1995-2011. 
610 2 0 |a regionalizácia 
610 2 0 |a Európska únia 
610 2 0 |a Vyšehradská štvorka 
610 2 0 |a hodnota pridaná 
610 2 0 |a politika obchodná 
610 2 0 |a spolupráca hospodárska medzinárodná 
100 1 |a Gauger, Iryna 
700 1 |a Śledziewska, Katarzyna